| 000 | 00744nam a2200253Ia 4500 | ||
|---|---|---|---|
| 003 | OSt | ||
| 005 | 20220926010625.0 | ||
| 006 | a|||||r|||| 00| 0 | ||
| 007 | ta | ||
| 008 | 220923b |||||||| |||| 00| 0 eng d | ||
| 020 | _a0300033532 | ||
| 037 | _cGeneral Book | ||
| 040 |
_aRTL _cRTL _beng |
||
| 041 |
_2eng _aeng |
||
| 082 | _aY49(J).595.N8, M5 | ||
| 100 |
_aHann C M _9249127 |
||
| 245 | 0 |
_aVillage without solidarity _b Polish peasants in years of crisis |
|
| 260 |
_aNew Haven _bYale University Press _c1985 |
||
| 300 |
_ax,208p _ccm. |
||
| 500 | _aBibliography: p 203-204; Appendix: p 177-186 | ||
| 650 | _aPeasants | ||
| 942 |
_hY49(J).595.N8, M5 _cGB _2CC |
||
| 999 |
_c617804 _d617804 |
||